000 00689nam a22002297a 4500
003 UA-OsUOA
001 87796
007 ta
008 20120925b un ||||| |||| 00| 0 ukr d
090 _a94(519.3)
_bО-94
942 _cBK
040 _aUA-OsUOA
_brus
_cUA-OsUOA
_dUA-OsUOA
245 _aОчерк корейской истории
_cРед. Сон Ен Чжон и др.
300 _a321 с.
955 _a1
041 _arus
080 _a94(519.3)
260 _aПхеньян
_bВ-во литературы на иностранных языках
_c1992
246 3 1 _aКн. 1
_n
650 7 _a9 Географія. Біографії. Історія
_2UDC
999 _c374100
_d374100